| 000 | 00463nam a22001697a 4500 | ||
|---|---|---|---|
| 003 | MPLRDC | ||
| 005 | 20220104143201.0 | ||
| 008 | 210129b ||||| |||| 00| 0 eng d | ||
| 082 | _a859.6 DIS-8 v.70 | ||
| 100 | _a迪士尼画报中文版编辑委员会 | ||
| 245 |
_a迪士尼画报. 第七十期 _c |
||
| 260 |
_a _b玉郎机构有限公司 _c1990 |
||
| 300 | _b平 | ||
| 490 | _a迪士尼画报;70 | ||
| 650 | _a儿童杂志 | ||
| 942 |
_cBK _o859.6 DIS-8 v.70 |
||
| 999 |
_c37441 _d37431 |
||